<?xml version="1.0" encoding="UTF-8"?>
<record
    xmlns:xsi="http://www.w3.org/2001/XMLSchema-instance"
    xsi:schemaLocation="http://www.loc.gov/MARC21/slim http://www.loc.gov/standards/marcxml/schema/MARC21slim.xsd"
    xmlns="http://www.loc.gov/MARC21/slim">

  <leader>00825cam a2200229 a 4500</leader>
  <controlfield tag="003">EG-GiCUC</controlfield>
  <controlfield tag="008">130221s1992    su     g      000 0 ara d</controlfield>
  <datafield tag="040" ind1=" " ind2=" ">
    <subfield code="a">EG-GiCUC</subfield>
    <subfield code="b">ara</subfield>
    <subfield code="c">EG-GiCUC</subfield>
  </datafield>
  <datafield tag="043" ind1=" " ind2=" ">
    <subfield code="a">P------</subfield>
  </datafield>
  <datafield tag="092" ind1="0" ind2="4">
    <subfield code="a">379.56</subfield>
    <subfield code="b">T216</subfield>
    <subfield code="2">21</subfield>
  </datafield>
  <datafield tag="099" ind1=" " ind2=" ">
    <subfield code="a">04</subfield>
    <subfield code="a">379.56 T216</subfield>
  </datafield>
  <datafield tag="245" ind1="0" ind2="0">
    <subfield code="a">&#x62A;&#x637;&#x648;&#x631; &#x627;&#x644;&#x62A;&#x639;&#x644;&#x64A;&#x645; &#x641;&#x649; &#x62F;&#x648;&#x644; &#x627;&#x644;&#x62E;&#x644;&#x64A;&#x62C; &#x627;&#x644;&#x639;&#x631;&#x628;&#x64A;&#x629; 1407-1408&#x647;&#x640;/ 1987-1988&#x645;</subfield>
  </datafield>
  <datafield tag="260" ind1=" " ind2=" ">
    <subfield code="a">[&#x627;&#x644;&#x631;&#x64A;&#x627;&#x636;] : </subfield>
    <subfield code="b">&#x645;&#x643;&#x62A;&#x628; &#x627;&#x644;&#x62A;&#x631;&#x628;&#x64A;&#x629; &#x627;&#x644;&#x639;&#x631;&#x628;&#x649; &#x644;&#x62F;&#x648;&#x644; &#x627;&#x644;&#x62E;&#x644;&#x64A;&#x62C; : </subfield>
    <subfield code="c">1992</subfield>
  </datafield>
  <datafield tag="300" ind1=" " ind2=" ">
    <subfield code="a">276 &#x635; &#x61B; </subfield>
    <subfield code="c">28&#x633;&#x645;</subfield>
  </datafield>
  <datafield tag="650" ind1=" " ind2="7">
    <subfield code="a">&#x627;&#x644;&#x62A;&#x639;&#x644;&#x64A;&#x645;</subfield>
    <subfield code="z">&#x62A;&#x627;&#x631;&#x64A;&#x62E;</subfield>
    <subfield code="2">qrmak</subfield>
  </datafield>
  <datafield tag="650" ind1=" " ind2="7">
    <subfield code="a">&#x627;&#x644;&#x62A;&#x639;&#x644;&#x64A;&#x645;</subfield>
    <subfield code="z">&#x62F;&#x648;&#x644; &#x627;&#x644;&#x62E;&#x644;&#x64A;&#x62C; &#x627;&#x644;&#x639;&#x631;&#x628;&#x649;</subfield>
    <subfield code="2">qrmak</subfield>
  </datafield>
  <datafield tag="902" ind1=" " ind2=" ">
    <subfield code="a">1</subfield>
  </datafield>
  <datafield tag="905" ind1=" " ind2=" ">
    <subfield code="a">&#x627;&#x628;&#x631;&#x627;&#x647;&#x64A;&#x645;</subfield>
    <subfield code="e">&#x645;&#x631;&#x627;&#x62C;&#x639;</subfield>
  </datafield>
  <datafield tag="905" ind1=" " ind2=" ">
    <subfield code="a">&#x645;&#x646;&#x649;</subfield>
    <subfield code="e">&#x645;&#x62F;&#x62E;&#x644;</subfield>
  </datafield>
  <datafield tag="942" ind1=" " ind2=" ">
    <subfield code="2">ddc</subfield>
    <subfield code="c">BK</subfield>
  </datafield>
  <datafield tag="999" ind1=" " ind2=" ">
    <subfield code="c">128247</subfield>
    <subfield code="d">128247</subfield>
  </datafield>
  <datafield tag="952" ind1=" " ind2=" ">
    <subfield code="2">ddc</subfield>
    <subfield code="7">0</subfield>
    <subfield code="a">CUCL</subfield>
    <subfield code="b">cl410</subfield>
    <subfield code="d">2024-02-11</subfield>
    <subfield code="o">379.56 T216 B.D.</subfield>
    <subfield code="p">01000100139489000</subfield>
    <subfield code="r">2024-06-23 00:00:00</subfield>
    <subfield code="y">BK</subfield>
  </datafield>
</record>
